Представление документа в формате RUSMARC

ПолеНазваниеЗначение
  Тип записи a
  Библиографический уровень a
001 Контрольный номер RU/CBS_UL/BASE/036e8349dcb647938d7cf5fa87bf6ea1
005 Дата корректировки 20230428140722.5
100 Данные общей обработки __
a Данные общей обработки 20230428 ||| 0rusy0189 ca
101 Язык документа 0_
a Язык текста rus
102 Страна публикации __
a Страна публикации RU
200 Заглавие и сведения об ответственности 1_
a Заглавие С ним не соскучишься!
e Сведения, относящиеся к заглавию [об актёре М. Фримене]
f Первые сведения об ответственности В. Коротин
300 Общие примечания __
a Общие примечания 16+
461 Уровень набора _0
1 2000
a Дарья. Биография
463 Уровень физической единицы _0
1 2000
a № 4
v С. 18-19 : фот.
1 2101
d 2023
1 001RU/CBS_UL/BASE/a3f68aa67b494533a02fc2573bf9b89e
600 Персоналии _1
a Персоналии (Фамилия) Фримен
b Персоналии (Имя, инициалы) М.
606 Тематические рубрики 0_
a Основная рубрика Фримен, Мартин (1971)
610 Ключевые слова 0_
a Ключевые слова актёры
610 Ключевые слова 0_
a Ключевые слова актёры английские
610 Ключевые слова 0_
a Ключевые слова лауреаты премии Эмми
610 Ключевые слова 0_
a Ключевые слова лауреаты премии BAFTA
610 Ключевые слова 0_
a Ключевые слова номинанты на премию Золотой глобус
686 Индексы других классификаций __
2 Код системы rubbk
a Классификационный индекс 85.374(3)
700 Автор _1
a Фамилия Коротин
b Имя (инициалы) В.
801 Источник записи _0
a Страна RU
b Организация МБУК ЦБС г. Ульяновска
c Дата составления 20230428
g Правила каталогизации RCR
801 Источник записи _1
a Страна RU
b Организация МБУК ЦБС г. Ульяновска
c Дата составления 20230428
g Правила каталогизации RCR
901 Тип документа __
t Тип документа b
w Контрольный № источника RU/CBS_UL/BASE/a3f68aa67b494533a02fc2573bf9b89e